000
00283nam a2200133Ia 4500
100
_a
Mani H.S./ Mehta G.K.
250
_a
6
942
_c
BK
654
_a
Physics
245
_a
Introduction to Modern Physics
260
_b
EWP
_a
New Delhi
_c
1992
300
_a
767
546
_a
ENGLISH
999
_c
26329
_d
26329